General Sociology (Record no. 87010)
[ view plain ]
| 000 -LEADER | |
|---|---|
| fixed length control field | 00854nam a22002417i 4500 |
| 003 - CONTROL NUMBER IDENTIFIER | |
| control field | URS |
| 005 - DATE AND TIME OF LATEST TRANSACTION | |
| control field | 20251001091316.0 |
| 008 - FIXED-LENGTH DATA ELEMENTS--GENERAL INFORMATION | |
| fixed length control field | 160406s2003 ph ||||| |||| 00| 0 eng d |
| 040 ## - CATALOGING SOURCE | |
| Description conventions | rda |
| Transcribing agency | URS |
| Language of cataloging | eng |
| 050 14 - LIBRARY OF CONGRESS CALL NUMBER | |
| Classification number | HM 578.P6 |
| Item number | G2866 2003 |
| 245 00 - TITLE STATEMENT | |
| Title | General Sociology |
| Remainder of title | society, culture, population dynamics and gender development |
| Statement of responsibility, etc. | Roberta L. Omas-as, [and five others] |
| 264 #1 - PRODUCTION, PUBLICATION, DISTRIBUTION, MANUFACTURE, AND COPYRIGHT NOTICE | |
| Place of production, publication, distribution, manufacture | Pantoc, Meycauayan Bulacan : |
| Name of producer, publisher, distributor, manufacturer | Trinitas Publishing, Inc., |
| Date of production, publication, distribution, manufacture, or copyright notice | [date of publication not identified]. |
| 264 #4 - PRODUCTION, PUBLICATION, DISTRIBUTION, MANUFACTURE, AND COPYRIGHT NOTICE | |
| Date of production, publication, distribution, manufacture, or copyright notice | ©2003 |
| 300 ## - PHYSICAL DESCRIPTION | |
| Extent | 291 pages |
| Other physical details | illustration |
| Dimensions | 23 cm |
| 336 ## - CONTENT TYPE | |
| Source | rdacontent |
| Content type term | text |
| 337 ## - MEDIA TYPE | |
| Source | rdamedia |
| Media type term | unmediated |
| 338 ## - CARRIER TYPE | |
| Source | rdacarrier |
| Carrier type term | volume |
| 500 ## - GENERAL NOTE | |
| General note | Includes index |
| 504 ## - BIBLIOGRAPHY, ETC. NOTE | |
| Bibliography, etc. note | Includes bibliographical references |
| 650 #0 - SUBJECT ADDED ENTRY--TOPICAL TERM | |
| Topical term or geographic name entry element | Sociology |
| General subdivision | Study and teaching |
| Geographic subdivision | Philippines |
| 700 1# - ADDED ENTRY--PERSONAL NAME | |
| Personal name | Omas-as, Roberta L. |
| Relator term | author |
| 942 ## - ADDED ENTRY ELEMENTS (KOHA) | |
| Source of classification or shelving scheme | Library of Congress Classification |
| Koha item type | Filipiniana |
| Withdrawn status | Source of classification or shelving scheme | Damaged status | Not for loan | Collection code | Home library | Current library | Shelving location | Date acquired | Total Checkouts | Full call number | Barcode | Date last seen | Price effective from | Koha item type |
|---|---|---|---|---|---|---|---|---|---|---|---|---|---|---|
| Library of Congress Classification | Non-fiction | Tanay College Library | Tanay College Library | Reserve Section | 04/06/2016 | HM 578.P6 G2866 2003 | URSTAN-N554 | 07/27/2017 | 04/06/2016 | Filipiniana |